000
00274nam a2200109Ia 4500
008
190913s9999||||xx |||||||||||||| ||und||
100
_a
Harrington Niehaus
245
0
_a
Risk Management And Insurance
260
_a
New Delhi
_b
McGraw Hill
_c
1998
300
_a
1180
942
_c
BK
999
_c
8358
_d
8358